|
|
|
|
| LEADER |
00000cam a2200000 7i4500 |
| 001 |
0000093708 |
| 005 |
20201221093000.0 |
| 008 |
170830s2001 su ara |
| 040 |
|
|
|a UniSZA
|e rda
|
| 050 |
0 |
0 |
|a BP136.48
|b .H53 2001
|
| 090 |
0 |
0 |
|a BP136.48
|b .H53 2001
|
| 100 |
1 |
|
|a حبشى، عبد الله محمد ,
|e author
|
| 241 |
1 |
0 |
|a Nusrat al-ta`akab hathith
|b `ala min ta`an fima sahha min al-hadith
|
| 245 |
1 |
0 |
|a نصرة التعقب الحثيث :
|b على من طعن فيما صح من الحديث
|c الشيخ عبد الله الهرري
|
| 250 |
|
|
|a الطبعة الثانية
|
| 264 |
|
1 |
|a القاهرة :
|b دار المشاريع للطباعة والنشرو التوزيع
|c 2001
|
| 300 |
|
|
|a 131 pages ;
|c 25 cm.
|
| 336 |
|
|
|a text
|2 rdacontent
|
| 337 |
|
|
|a unmediated
|2 rdamedia
|
| 338 |
|
|
|a volume
|2 rdacarrier
|
| 504 |
|
|
|a Includes bibliographical references
|
| 650 |
|
0 |
|a Hadith
|x Authorities
|
| 999 |
|
|
|a 1000172185
|b Book
|c OPEN SHELF (30 DAYS)
|e Gong Badak Campus
|